| 000 | 00597nam a2200217Ia 4500 | ||
|---|---|---|---|
| 003 | OSt | ||
| 005 | 20230403144743.0 | ||
| 008 | 210423s2009 xx 000 0 und d | ||
| 020 | _a9788122200881 | ||
| 040 | _cAL | ||
| 041 | _aeng | ||
| 082 | _a657.46 HARN | ||
| 100 |
_aHARIHARAN (N). _982665 |
||
| 245 | _aIncome tax law and practice: assessment year 2009-2010. | ||
| 250 | _a4 | ||
| 260 |
_aNew Delhi _bTata McGraw-hill _c2009 |
||
| 300 |
_axviii,13.12,idx.8 _bPB |
||
| 365 |
_b250 _cINR |
||
| 906 | _a2009-2010. ; assessment ; Income ; law ; practice: ; tax ; year | ||
| 942 |
_2ddc _cBK |
||
| 999 |
_c157996 _d157996 |
||